|
|
|
|
| LEADER |
01353nam a2200349 a 4500 |
| 001 |
36139 |
| 003 |
BD-DhAAL |
| 005 |
20211130141557.0 |
| 008 |
191003t1987 nyua b 001 0 eng d |
| 999 |
|
|
|c 41509
|d 41509
|
| 010 |
|
|
|a 86030055
|
| 020 |
|
|
|a 0807728454 (pbk.)
|
| 020 |
|
|
|a 0807728179
|
| 040 |
|
|
|a DLC
|c DLC
|d DLC
|d BD-DhAAL
|
| 043 |
|
|
|a n-us---
|
| 050 |
0 |
0 |
|a LB1029.N6
|b G66 1987
|
| 082 |
0 |
0 |
|a 372.1254
|2 19
|
| 100 |
1 |
|
|a Goodlad, John I.
|9 35829
|
| 245 |
1 |
4 |
|a The nongraded elementary school /
|c John I. Goodlad, Robert H. Anderson.
|
| 250 |
|
|
|a Rev. edition, Reissued with a new introd.
|
| 260 |
|
|
|a New York :
|b Teachers College, Columbia University,
|c c1987.
|
| 300 |
|
|
|a xlviii, 248 pages :
|b illustrations ;
|c 21 cm.
|
| 500 |
|
|
|a Includes index.
|
| 504 |
|
|
|a Includes bibliographical references (pages 227-244).
|
| 526 |
|
|
|a BIED
|
| 541 |
|
|
|a Complimentary copy from BIED
|e 36139
|
| 650 |
|
0 |
|a Nongraded schools.
|9 35830
|
| 650 |
|
0 |
|a Education, Elementary
|z United States.
|9 35831
|
| 700 |
1 |
|
|a Anderson, Robert Henry,
|d 1918-
|9 35832
|
| 852 |
|
|
|a Ayesha Abed Library
|c BIED Collection
|
| 942 |
|
|
|2 ddc
|c BK
|
| 952 |
|
|
|0 0
|1 0
|2 ddc
|4 0
|6 372_125400000000000_GOO
|7 0
|9 66664
|a BRACUL
|b BRACUL
|c GEN
|d 2019-10-03
|e Complimentary copy from BIED
|l 0
|o 372.1254 GOO
|p 3010036139
|r 2019-10-03
|t 1
|w 2019-10-03
|y BK
|x Transferred from BIED to General Stacks
|